| 000 | 01253nam a2200277 i 4500 | ||
|---|---|---|---|
| 001 | 17436 | ||
| 003 | ES-MaACL | ||
| 005 | 20250928133105.0 | ||
| 007 | t| | ||
| 008 | 010305s2000 sp ||||1| spa d | ||
| 020 | _a84-89318-95-6 | ||
| 080 | _a929 Romero de Terreros, Pedro, Conde de Regla | ||
| 080 | _a929 Giraldo de Terreros, Alonso | ||
| 080 | _a266 (764)"17" | ||
| 100 | 1 |
_aRomero de Terreros, Juan. _999377 |
|
| 245 | 1 | 0 |
_aSan Saba, misión para los apachez _b: el plan Terreros para consolidar la frontera norte de Nueva España : lección de ingreso como amigo de número leída el día 28 de febrero de 2000 / _cpor D. Juan M. Romero de Terreros de Castilla y palabras de recepción de D. Eric Beerman. |
| 260 |
_aMadrid : _bSociedad Bascongada de los Amigos del País, Delegación en Corte, _c2000. |
||
| 300 |
_a143 p. : _bil. ; _c21 cm. |
||
| 600 | 0 | 4 |
_aRomero de Terreros, Pedro, _cConde de Regla _999380 |
| 600 | 0 | 4 |
_aGiraldo de Terreros, Alonso, _d1699-1758 _957196 |
| 650 | 4 |
_aMisiones- _zTexas- _yS.XVIII. _915083 |
|
| 700 | 1 |
_aBeerman, Eric. _927025 |
|
| 710 | 2 |
_aReal Sociedad Bascongada de los Amigos del País. _bDelegación en Corte _96371 |
|
| 852 |
_aES-MaACL _jL-24367 _bR.129312 |
||
| 999 |
_c17436 _d17436 |
||